Most successful road cyclists - Statistics

General Stats
  • This quiz has been taken 1,022 times
  • The average score is 14 of 30
Answer Stats
# Country Years Answer % Correct
1 Belgium 1965-1978 Eddy Merckx
94%
15 USA 1992-2009 Lance Armstrong
92%
2 France 1975-1986 Bernard Hinault
87%
9 Italy 1939-1959 Fausto Coppi
76%
13 Spain 1984-1996 Miguel Indurain
76%
26 USA 1981-1994 Greg Lemond
73%
4 France 1953-1969 Jacques Anquetil
68%
3 Ireland 1977-1994 Sean Kelly
66%
23 Germany 1994-2006 Jan Ullrich
61%
6 Italy 1934-1954 Gino Bartali
56%
29 France 1982-1993 Laurent Fignon
55%
8 Netherlands 1970-1987 Joop Zoetemelk
51%
22 Germany 1993-2008 Erik Zabel
47%
14 France 1989-2002 Laurent Jalabert
43%
5 Italy 1973-1988 Francesco Moser
41%
12 France 1960-1977 Raymond Poulidor
41%
16 Switzerland 1986-1997 Tony Rominger
39%
7 Italy 1965-1978 Felice Gimondi
38%
18 France 1947-1961 Louison Bobet
36%
10 Belgium 1969-1987 Roger De Vlaeminck
36%
25 Switzerland 1991-2004 Alex Zülle
35%
20 Switzerland 1940-1957 Ferdi Kubler
31%
11 Belgium 1953-1970 Rik Van Looy
30%
21 Belgium 1972-1987 Freddy Maertens
27%
17 Italy 1923-1936 Alfredo Binda
22%
19 Italy 1977-1990 Giuseppe Saronni
19%
30 Italy 1912-1936 Costante Girardengo
13%
27 Italy 1941-1956 Fiorenzo Magni
13%
28 Italy 1992-2009 Davide Rebellin
11%
24 Belgium 1965-1981 Herman Van Springel
8%
No matching quizzes found
Score Distribution
Percent of People with Each Score
Percentile by Number Answered
Your Score History
You have not taken this quiz